प्रिंस चार्मिंग / (Record no. 115759)

MARC details
000 -LEADER
fixed length control field 00995nam a22002537a 4500
005 - DATE AND TIME OF LATEST TRANSACTION
control field 20170124103029.0
010 ## - LIBRARY OF CONGRESS CONTROL NUMBER
LC control number B-077363
020 ## - INTERNATIONAL STANDARD BOOK NUMBER
Terms of availability 36.00
035 ## - SYSTEM CONTROL NUMBER
System control number B-077363
037 ## - SOURCE OF ACQUISITION
Source of stock number/acquisition Cen Lib/Ret
040 ## - CATALOGING SOURCE
Original cataloging agency DPL
Language of cataloging HN
082 ## - DEWEY DECIMAL CLASSIFICATION NUMBER
Classification number
Item number वर्मावी
100 ## - MAIN ENTRY--PERSONAL NAME
Personal name वर्मा, वीरेंद्र बहादुर
9 (RLIN) 42583
245 ## - TITLE STATEMENT
Title प्रिंस चार्मिंग /
Statement of responsibility, etc वीरेंद्र बहादुर वर्मा
246 ## - VARYING FORM OF TITLE
Title proper/short title Prince Charming /
Remainder of title by Veerendra Bahadur Varma
260 ## - PUBLICATION, DISTRIBUTION, ETC. (IMPRINT)
Place of publication, distribution, etc बरेली
Name of publisher, distributor, etc मुद्रण प्रकाशन
Date of publication, distribution, etc 2001
270 ## - ADDRESS
City बरेली
300 ## - PHYSICAL DESCRIPTION
Extent 99पृ.:
Dimensions 19सेमी (सजिल्द)
Other physical details सचित्र
650 ## - SUBJECT ADDED ENTRY--TOPICAL TERM
Topical term or geographic name as entry element हिन्दी साहित्य
9 (RLIN) 63105
650 ## - SUBJECT ADDED ENTRY--TOPICAL TERM
Topical term or geographic name as entry element हिंदी कहानियां
9 (RLIN) 2082
650 ## - SUBJECT ADDED ENTRY--TOPICAL TERM
Topical term or geographic name as entry element Hindi literature
9 (RLIN) 63106
650 ## - SUBJECT ADDED ENTRY--TOPICAL TERM
Topical term or geographic name as entry element Hindi stories
9 (RLIN) 63107
942 ## - ADDED ENTRY ELEMENTS (KOHA)
Source of classification or shelving scheme Dewey Decimal Classification
Koha item type Hindi Books
Classification part
Call number suffix वर्मावी
Holdings
Withdrawn status Lost status Damaged status Not for loan Home library Current library Date acquired Source of acquisition Cost, normal purchase price Total Checkouts Full call number Barcode Date last seen Copy number Cost, replacement price Price effective from Koha item type
        Central Library Central Library 21/08/2015 Cen Lib/Ref 36.00   क वर्मावी B-077363 21/08/2015 1 36.00 21/08/2015 Hindi Books

© Delhi Public Library
Hit Counter
free hit counter